Achimpa (Registo nº 24388)

Detalhes MARC
000 -Etiqueta do registo
Valores 00638nam a2200229 4500
010 ## - Número ISBN
ISBN 9789898327512
021 ## - Número do Depósito Legal
Número 388063/15
090 ## -
-- 24388
100 ## - Dados gerais de processamento
Dados gerais 20150730d2015 c y0pory50030103ba
200 1# - Titulo e menção de responsabilidade
Título próprio Achimpa
Primeira menção de responsabilidade Catarina Sobral
205 ## - Menção da edição
Edição 2ª ed.
210 ## - Publicação
Local de publicação Lisboa
Nome do editor Orfeu negro
Data de publicação 2015
215 ## - Descrição física 
Paginação / Volumes [34] p.
Outras indicações físicas il.
Dimensões 29 cm
225 ## - Colecção 
Título próprio da colecção Orfeu Mini
330 ## - Sumário ou Resumo
Texto da nota (6 a 10 anos)
606 ## - Nome comum usado como assunto
ID Autoridade 187
Palavra de ordem Histórias para crianças
675 ## - CDU
Notação 8:087.5
700 ## - Autor principal (pessoa individual)
Apelido Sobral
Nome Catarina
Datas 1985-
ID Autoridade 305
801 #0 - Fonte de origem
País PT
Agência BN
Regras de catalogação RPC
856 41 - Localização e acesso electrónico 
URL <a href="http://rnod.bn.pt/ImagesBN/winlibimg.aspx?skey=&doc=1907045&img=63549&save=true">http://rnod.bn.pt/ImagesBN/winlibimg.aspx?skey=&doc=1907045&img=63549&save=true</a>
990 ## - Elementos KOHA
Tipo de documento Livro
Exemplares
Situação do levantamento Estado Biblioteca de origem Biblioteca de empréstimo Código de barras Cota Permissão de empréstimo Tipo de documento Nota relativa ao exemplar Forma de aquisição
  Completo Biblioteca Municipal de Viana Do Alentejo Biblioteca Municipal de Viana Do Alentejo 0030770 8 SOB Disponível Livro 6-10 anos  
  Completo Biblioteca Municipal de Viana Do Alentejo Biblioteca Municipal de Viana Do Alentejo Pólo Aguiar 0031195 8 SOB Disponível Livro 6-10 anos  




Powered by Koha